00947nam a2200193 a 450000100100000000500170001000800410002704000250006808200150009310000270010824501350013524600380027026000400030830000210034871001170036970000590048695201910054599900170073600004625120240315111350.0150710s2004 dr 000 0 spa d aDO-SdBNPbspacBNPHU axxxxbxxxx1 aBlandino, Pedro96162110aNicaragua :baños de guerra y paz y la presencia dominicana (1987-1989) /cPedro Blandino ; prólogo Víctor Gómez Bergés.10aNicaragua, años de guerra y paz aSanto Domingo :bCentenario,c2004. a310 p. ;c23 cm.22aRepública Dominicana.bSecretaría de Estado de Relaciones Exteriores, Escuela Diplomática y Consular9225212aGómez Bergés, Víctor,d1940-2023epról.917774 0010718PDaPDbPDcCTd2015-07-10iLF1l0oxxxx xxxxp46251-10r2020-06-25w2020-06-25yLFPDzPerteneció a la biblioteca personal de Chiqui Vicioso / Fidelio Despradel.ZNo se presta c45740d45740